Top 15 Tallest mountains in the USA - Statistics

General Stats
  • This quiz has been taken 10 times
  • The average score is 3 of 15
Answer Stats
How tall the mountain is
Answer % Correct
20,310 feet Denali
100%
14,494 feet Mount Whitney
50%
14,433 feet Mount Elbert
38%
18,009 feet Mount Saint Elias
25%
16,391 feet Mount Blackburn
13%
16,550 feet Mount Bona
13%
17,400 feet Mount Foraker
13%
14,831 feet Mount Bear
0%
15,639 feet Mount Churchill
0%
15,300 feet Mount Fairweather
0%
15,121 feet Mount Hubbard
0%
14,573 feet Mount Hunter
0%
14,421 feet Mount Massive
0%
16,237 feet Mount Sanford
0%
15,979 feet Mount Vancouver
0%
No matching quizzes found
Score Distribution
Percent of People with Each Score
Percentile by Number Answered
Your Score History
You have not taken this quiz